Use of young budding for improved Hevea cultivation (Record no. 71982)

MARC details
000 -LEADER
fixed length control field 00446nam a2200145Ia 4500
100 ## - MAIN ENTRY--AUTHOR NAME
Personal name Leong S K
245 #0 - TITLE STATEMENT
Title Use of young budding for improved Hevea cultivation
260 ## - PUBLICATION, DISTRIBUTION, ETC. (IMPRINT)
Name of publisher Proceedings of the International Rubber Conference, Kuala Lumpur, Malaysia, V.3. 1985; p555-577
650 ## - SUBJECT ADDED ENTRY--TOPICAL TERM
Topical Term Hevea cultivation
650 ## - SUBJECT ADDED ENTRY--TOPICAL TERM
Topical Term Young budding
700 ## - ADDED ENTRY--PERSONAL NAME
Personal name PNg T C
700 ## - ADDED ENTRY--PERSONAL NAME
Personal name Yoon P K
942 ## - ADDED ENTRY ELEMENTS (KOHA)
Koha item type Journals
Holdings
Withdrawn status Lost status Damaged status Not for loan Home library Current library Shelving location Date acquired Koha item type
      Journals RRII Library RRII Library Botany 17/12/2021 Journals